mysqli: Table './ulib62015/stat_globaluid' is marked as crashed and should be repaired
select id from stat_globaluid where statuid='20260518035358_3351'
mysqli: Table './ulib62015/stat_globaluid' is marked as crashed and should be repaired
DELETE FROM stat_globaluid
WHERE id NOT IN (
SELECT id
FROM (
SELECT id
FROM stat_globaluid
ORDER BY id DESC
LIMIT 100
) foo
);
mysqli: Table './ulib62015/stat_globaluid' is marked as crashed and should be repaired
insert into stat_globaluid set
statuid='20260518035358_3351',
dt='1779051238',
phpself='/ULIB62015/dublinfull.php',
agent='Mozilla/5.0 AppleWebKit/537.36 (KHTML, like Gecko; compatible; ClaudeBot/1.0; +claudebot@anthropic.com)',
yea='2026',
mon='5',
dat='18',
ip='216.73.216.45'
mysqli: Table './ulib62015/stathist_viewbib_bib_type' is marked as crashed and should be repaired
insert into stathist_viewbib_bib_type set
dat='18' ,
mon='05' ,
yea='2026' ,
statuid='20260518035358_3351' ,
head='13399107847' ,
foot='marc' ,
dt='1779051238'
| LEADER : 00000nam 2200000uu 4500 |
| 008 101223s||||||||th 000 0 tha d |
| 020 0-471-82131-4
|
| 041 0 ENG
|
| 050 14 QC21.2^bG216
|
| 100 1 Garcia, Narciso
|
| 245 10 Physics for computer science students :^bwith emphasis onatomic and semiconductor physics /^cNarciso Garcia and Arthur G. Damask
|
| 260 New York :^bWiley,^cc1986
|
| 300 xvi, 528 p. :^bill., charts ;^c25 cm.
|
| 504 Includes index
|
| 650 0 PHYSICS
|
| 650 0 COMPUTERS
|
| 694 sc
|
| 700 1 Damask, Arthur C.
|
| 945 ^p0^l0^i014279 |
| 999 ^aบรรณารักษ์
|
| คุณยังไม่ได้ล็อกอิน คุณสามารถมีกิจกรรมร่วมกับเว็บไซต์ได้ แต่ต้องล็อกอินก่อน :: |
|
|
|
| ลำดับที่ |
ประเภท |
เลขเรียก/บาร์โค้ด |
สถานที่ |
สถานะ |
| 1. |
 หนังสือ | QC21.2 G216 Barcode: 014279 | หนังสือทั่วไป | บนชั้น ขอยืม |
รายการใกล้เคียง
หัวเรื่อง [PHYSICS] หัวเรื่อง [COMPUTERS]
|
|
ยังไม่เคยถูกคอมเมนท์
|
| คอมเมนท์ทรัพยากรรายการนี้ |
|